000
00327nam a2200145Ia 4500
005
20251222152657.0
008
251222s9999||||xx |||||||||||||| ||spa||
020
_a
8430074409
082
_a
230/D35
100
_a
De Armas, Albelardo
245
0
_a
Luces en la Noche
250
_a
1ra. ed.
264
_b
A.M.D.G
942
_c
LIB
999
_c
28687
_d
28687